Регионална библиотека "Любен Каравелов" - Русе

Walzer (Запис номер 349248)

MARC детайли
000 -Лидер
Контролно поле с фиксирана дължина 01204ncm a2200337 a 4500
003 - Код на организацията, давaща контролен номер
Контролно поле BLK
005 - Дата и час на последна редакция
Контролно поле 20241023005404.0
008 - Елементи от данни с фиксирана дължина
fixed length control field 180414b bul |a|er|||| |0| c|bulo|
010 ## - Наследен системен номер
LC control number NOT00002582000
040 ## - Източник на каталожния запис
Идентификатор на билиотеката - собственик на записа BLK
041 ## - Код за език
Код за езика на текст/звукозапис или на отделно заглавие Немски
Код за езика КДБФ Немски
080 ## - УДК
Текстов определител УДК Цигулка, виолина, виола д'аморе
УДК код - определител по УДК 787.1
УДК - код + определител 787.1
080 ## - УДК
Текстов определител УДК Бални танци (валсове, полки, мазурки, кадрили, галоп, полонези и др.)
УДК код - определител по УДК 78.085.2
УДК - код + определител 78.085.2
100 ## - Редна дума - Автор
Автор Брамс, Йоханес
Дати, свързани с автора 1833 - 1897
R(LIN) 387452
139 ## - Редно поле
Редна дума Брамс, Йоханес
Авторски знак Брак - Б 76
245 10 - Сведения за заглавието
Заглавие Walzer
Подзаглавни данни Opus 39 : Bearbeitung fur klavier und violine
Редно поле (дума) Johannes Brahms; Йоханес Брамс.
Версия Op.39
257 ## - Страна на издаване
Страна на създаване/издаване Германия
260 ## - Област на издателските данни
Име на издателя, разпространителя и проч. Peters
Година на издаване 1952
9 (RLIN) 211254
Място на издаване, разпространение и проч. Leipzig
300 ## - Физическа характеристика
Страници 17 с.
Размери/Мащаб 30 см
Съпровождащи материали 1 щим 6 с.
380 ## - Жанр
Жанр Изкуство
650 #0 - Допълнително описание по предмет – тема
Основно описание – тема или топоним Дуо - цигулка и пиано
9 (RLIN) 353793
653 #7 - Ключова дума – ненормативна
Ключова дума пиано
9 (RLIN) 193730
653 #7 - Ключова дума – ненормативна
Ключова дума цигулка
9 (RLIN) 200457
700 1# - Други автори (авторска отговорност)
Лично име Brahms, Johannes
Автороска отговорност (Описва отношението между автора и произведението) *
9 (RLIN) 5967
852 ## - Местоположение
Форматна сигнатура Цб М ІІ 6312
Част 0
856 4# - Електронен адрес и достъп
Електронен формат pdf - файл
Път до файла /url/
856 4# - Електронен адрес и достъп
Електронен формат pdf - файл
Път до файла /url/
942 ## - АРТИКУЛИ
Вид на библиотечния материал Нотни издания
Скрит в OPAC Не
Периодичен библиозапис Да
944 ## - СЪЗДАВАНЕ И РЕДАКЦИЯ на ЗАПИСА
Създаване/Редакция Създаване
Дата на регистрацията/редакция 2020-03-22
Служител, извършил регистрацията/редакцията
Статус, дата на статуса CRON CRON
999 ## - СИСТЕМНИ КОНТРОЛНИ НОМЕРА
Koha biblionumber 349248
Koha biblioitemnumber 349248
999 ## - СИСТЕМНИ КОНТРОЛНИ НОМЕРА
Koha biblioitemnumber 349248
Наличности
Код за отписване Код за изгубен артикул Източник на класификационната схема Код за повреда Коз за рестрикции Код за отдаване Артикулен № Име на библиотеката - собственик Име на библиотеката, в която се намира в момента Статус (Текущо местоположение) Дата на вписване в системата Местоположение - отдел Цена в лева Инвентарен номер Систематично азбучна сигнатура Баркод Цена в евро Служебен тип на артикула
  Не е изгубен Universal Decimal Classification Не е повреден без рестрикции заемане за дома 757184 Регионална библиотека "Любен Каравелов" Русе Регионална библиотека "Любен Каравелов" Русе Отдел Изкуство - подръчен фонд 2020-03-31 Отдел Изкуство - подръчен фонд 0.00 614/88 787.1/Б76 Й 900000002620 0.00 Нотни издания
  Не е изгубен Universal Decimal Classification Не е повреден без рестрикции заемане за дома 757206 Регионална библиотека "Любен Каравелов" Русе Регионална библиотека "Любен Каравелов" Русе Подвързия, Комплектуване 2020-03-31 Отдел Изкуство - подръчен фонд 0.29 450959 787.1/Б76 Й 120000450959 0.15 Нотни издания
  Не е изгубен Universal Decimal Classification Не е повреден без рестрикции заемане за дома 757207 Регионална библиотека "Любен Каравелов" Русе Регионална библиотека "Любен Каравелов" Русе Отдел Изкуство - подръчен фонд 2020-03-31 Отдел Изкуство - подръчен фонд 1.94 481165 787.1/Б76 Й 120000481165 0.99 Нотни издания
  Не е изгубен Universal Decimal Classification Не е повреден без рестрикции заемане за дома 757208 Регионална библиотека "Любен Каравелов" Русе Регионална библиотека "Любен Каравелов" Русе Отдел Изкуство - подръчен фонд 2020-03-31 Отдел Изкуство - подръчен фонд 0.00 615/88 787.1/Б76 Й 900000002627 0.00 Нотни издания
  Не е изгубен Universal Decimal Classification Не е повреден само за читалня ползва се в читалня 770445 Регионална библиотека "Любен Каравелов" Русе Регионална библиотека "Любен Каравелов" Русе Хранилище 2020-05-19 Хранилище 0.48 123600 Цб М ІІ 6312 900000014035 0.25 Нотни издания
  Не е изгубен Universal Decimal Classification Не е повреден само за читалня ползва се в читалня 770446 Регионална библиотека "Любен Каравелов" Русе Регионална библиотека "Любен Каравелов" Русе Хранилище 2020-05-19 Хранилище 1.94 481164 Цб М ІІ 6312 900000014034 0.99 Нотни издания
Vip Innovations Ltd, Rousse, Bulgaria 2025